• 首页
  • 本馆介绍
  • 公告通知
  • 最新文献
  • 馆藏检索
  • 电子资源
  • 读者导购
  • 参考咨询
  • 我的图书馆
  • 登录
  • 详细信息显示
  • 放入我的书架
  • 预约/预借图书
  • 作者相关作品
  • 分类相关作品
  • 丛书相关作品
  • 出版社相关作品

书目信息

  • 表格格式
  • 工作单格式
  • 卡片格式
题名:
中国文化心理学
    
 
作者: 汪凤炎 , 郑红 著
分册:  
出版信息: 广州   暨南大学出版社  2004
页数: 367页
开本: 26cm
丛书名:
单 册:
中图分类: B84-05
科图分类:
主题词: 文化学--心理学--研究--中国
电子资源:
ISBN: 978-7-81079-466-4
000 00904nam0 2200241 450
001 1541077302
005 20150125112515.48
010    @a978-7-81079-466-4@dCNY35.00
100    @a20081112d2004 em y0chiy50 ea
101 0  @achi
102    @aCN@b440000
105    @ay z 000yy
200 1  @a中国文化心理学@9zhong guo wen hua xin li xue@f汪凤炎,郑红著
210    @a广州@c暨南大学出版社@d2004
215    @a367页@d26cm
300    @a教育部人文社会科学重点研究基地基金 全国教育科学“十一五”规划教育部重点课题系列成果之一
330    @a本书共15章,包括中国人的社会化观、自我观、尚“和”心态、人情观、心理观、迷信心理与对策、释梦心理观,教育心理观、管理心理观、心理卫生观等内容。
606 0  @a文化学@x心理学@x研究@y中国
690    @aB84-05@v5
701  0 @a汪凤炎@9wang feng yan@f(1970~)@4著
701  0 @a郑红@9zheng hong@c(女,心理学)@4著
801  0 @aCN@bTSSF@c20150125
905    @aZUCC@dB84-05@eJY1
    
    中国文化心理学/汪凤炎,郑红著.-广州:暨南大学出版社,2004
    367页;26cm
    教育部人文社会科学重点研究基地基金 全国教育科学“十一五”规划教育部重点课题系列成果之一
    
    ISBN 978-7-81079-466-4:CNY35.00
    本书共15章,包括中国人的社会化观、自我观、尚“和”心态、人情观、心理观、迷信心理与对策、释梦心理观,教育心理观、管理心理观、心理卫生观等内容。
●
相关链接 在E读中查询图书 在五车中查询图书 在当当中查询图书 在豆瓣中查询图书


正题名:中国文化心理学     索取号:B84-05/JY1         预约/预借

序号 登录号 条形码 馆藏地/架位号 状态 备注
1 7845975   278459758   学院路分馆/ [索取号:B84-05/JY1] 在馆    
唐山师范学院图书馆 欢迎您!
大连网信软件有限公司© 版权所有